000 00773nam a2200265 a 4500
005 20240924070922.0
008 090828s2006 es r 000 0 spa d
020 _a8424125827
035 _aUPN01000172116
040 _aUPN
_bspa
_cUPN
049 _aCG
050 4 _aLB1050
_bF7.2 2006
100 1 _aFry, Ronald W.,
_d1949-
_931847
245 1 0 _aCómo sacar provecho de tu lectura /
_cRon Fry ; tr. Alejandra López Varela.
250 _a2a ed.
260 _aLeón, Esp. :
_bEverest,
_c2006.
300 _a143 p.
440 0 _aEducación y sociedad
534 _pTítulo original:
_tImprove your reading
650 4 _aLectura
_913351
650 4 _aHabilidades lectoras
_94228
650 4 _aComprensión lectora
_91537
905 _aLibro
942 _2lcc
_cLIBRO
999 _c144220
_d144220